Oxidácia povlaku CoNiCrAlTaY ; Aut. M. Zemánková, J. Ivan, Karol Iždinský, V. Pálka, M. Brezovský

Bibliographic Details
Main Authors: Zemánková, M. (Author), Ivan, J. (Author), Iždinský, Karol, 1959- (Author), Pálka, V. (Author), Brezovský, M. (Author)
Format: Article
Language:Slovak
PhysicalDescription:Lit. 1 zázn. v angl.
ISBN:8023302450
Subjects:

MARC

LEADER 00000nab a2200000 a 4500
001 vtls000500458
003 SK-MaSNL
005 20260303020309.0
008 120927c1992 xo 0 slo
015 |a SNBRA19rr/mm-uuuuu 
035 |a CL0500596 
040 |a SNKBUCL  |b slo  |c SNKBUCL  |e AACR2 
041 0 |a slo 
044 |a xo  |c SK 
080 |a 669.058:669.24'25'26'294'71'794:669.094.3  |2 1981 
080 |a 669.24'25'26'294'71'794  |2 1981 
080 |a 669.094.3  |2 1981 
245 0 0 |a Oxidácia povlaku CoNiCrAlTaY ; Aut. M. Zemánková, J. Ivan, Karol Iždinský, V. Pálka, M. Brezovský 
300 |b Lit. 1 zázn. v angl. 
650 0 7 |a zliatiny Co-Ni-Cr-Al-Ta-Y  |2 snkbucl  |9 999996 
650 0 7 |a povlaky kovové  |2 snkbucl  |9 770023 
655 7 |a články zo zborníkov  |2 snkbucl  |9 166140 
700 1 |a Zemánková, M.  |4 aut  |9 660548 
700 1 |a Ivan, J.  |4 aut  |9 775810 
700 1 |a Iždinský, Karol,  |d 1959-  |4 aut  |9 109781 
700 1 |a Pálka, V.  |4 aut  |9 771991 
700 1 |a Brezovský, M.  |4 aut  |9 947170 
773 0 |t AMATEUR '92  |d Bratislava : Dom techniky ZSVTS, 1992  |g S. 33-34  |z 8023302450 
850 |a Slovenská národná knižnica v Martine  |a MTA001 
852 |a SNK  |b KIS3GCP 
958 |a RK 
992 |a RZB 
999 |c 1617532  |d 1619462